000 00918nam a22002417a 4500
010 _aA-935086
020 _c140.00
035 _aA-935086
037 _aCen Lib / Ret
040 _aDPL
_bPN
082 _a260
_bਗਿਲਮ
100 _aਗਿਲ, ਮਹਿੰਦਰ ਕੌਰ
_9138524
245 _aਦਸਮਗੁਰੂ-ਬਾਨੀ ਦੇ ਰੂਪ-ਮਾਡਲ /
_bਮਹਿੰਦਰ ਕੌਰ ਗਿਲ
246 _aDas guru-banni de roop-madle /
_bby Mohinder Kaur Gill
260 _aਦਿੱਲੀ
_bਮਨਪ੍ਰੀਤ ਪ੍ਰਕਾਸ਼ਨ
_c1999
270 _a16/16 (1st floor), ਗੀਤਾ ਕਲੋਨੀ
_bਦਿੱਲੀ
_e110031
300 _a131p ;
_b24cm(Hb)
650 _aਸਿੱਖ ਬਾਣੀ.
_91541
650 _aSikh hymns.
_973509
650 _aਸਿੱਖ ਧਰਮ
_91488
650 _aSikh religion
_979271
942 _2ddc
_cPN
_h260
_mਗਿਲਮ
999 _c111182
_d111182